Les 30 plus gros transferts de la saison 2025/26 - Statistiques

Statistiques générales
  • Ce quiz a été pris 166 fois
    11 depuis la dernière actualisation
  • Le résultat moyen est 22 sur 30
Statistiques - réponses
Pays Club de départ Club d’arrivée Montant Joueur % Correct
Suède Newcastle Liverpool 144M€ Alexander Isak
100%
Angleterre Crystal Palace Arsenal 69M€ Eberechi Eze
100%
Allemagne Bayer Leverkusen Liverpool 125M€ Florian Wirtz
100%
France Eintracht Francfort Liverpool 95M€ Hugo Ekitiké
100%
Colombie Liverpool Bayern Munich 70M€ Luis Díaz
100%
Nigeria SSC Napoli Galatasaray 75M€ Victor Osimhen
100%
Slovénie RB Leipzig Manchester United 76M€ Benjamin Sesko
90%
Cameroun Brentford Manchester United 75M€ Bryan Mbeumo
90%
Brésil Wolverhampton Manchester United 74M€ Matheus Cunha
90%
Pays-Bas RB Leipzig Tottenham 65M€ Xavi Simons
90%
Uruguay Liverpool Al-Hilal 53M€ Darwin Núñez
80%
Espagne Real Sociedad Arsenal 70M€ Martín Zubimendi
80%
Suède Sporting CP Arsenal 65M€ Victor Gyökeres
80%
Argentine Manchester United Chelsea 46M€ Alejandro Garnacho
70%
Ghana Bournemouth Manchester City 72M€ Antoine Semenyo
70%
Espagne Bournemouth Real Madrid 62M€ Dean Huijsen
70%
Ukraine Bournemouth PSG 63M€ Ilya Zabarnyi
70%
Brésil Brighton Chelsea 63M€ João Pedro
70%
Hongrie Bournemouth Liverpool 46M€ Milos Kerkez
70%
Pays-Bas AC Milan Manchester City 55M€ Tijjani Reijnders
70%
Italie Atalanta Al-Qadsiah 68M€ Mateo Retegui
60%
Ghana West Ham Tottenham 63M€ Mohammed Kudus
60%
Allemagne VfB Stuttgart Newcastle 75M€ Nick Woltemade
60%
Angleterre Chelsea Arsenal 56M€ Noni Madueke
60%
Espagne SL Benfica Real Madrid 50M€ Álvaro Carreras
50%
Suède Nottingham Forrest Newcastle 61M€ Anthony Elanga
50%
Angleterre Borussia Dortmund Chelsea 56M€ Jamie Gittens
50%
Angleterre Aston Villa Newcastle 45M€ Jacob Ramsey
40%
Norvège Wolverhampton Crystal Palace 49M€ Jørgen Strand Larsen
40%
RD Congo Brentford Newcastle 57M€ Yoane Wissa
40%
Aucun quiz correspondant
Distribution des résultats
% des personnes avec chaque résultat
Percentile par nombre de réponses
Votre historique - résultats
Vous n’avez pas pris ce quiz depuis la dernière actualisation